| 000 | 01156nam a2200325Ia 4500 | ||
|---|---|---|---|
| 003 | OSt | ||
| 005 | 20221007122723.0 | ||
| 006 | a|||||r|||| 00| 0 | ||
| 007 | ta | ||
| 008 | 221006b |||||||| |||| 00| 0 eng d | ||
| 020 | _a9781107001701 (hbk) | ||
| 024 | _a159609 | ||
| 037 |
_b156, 29/09/2011, Insat Books & Periodicals _cTextual |
||
| 040 |
_aPAPL _cPAPL _beng |
||
| 041 |
_2eng _aeng |
||
| 082 | _aC21:(D), Q1 Carpa | ||
| 100 |
_aVarga Kalman _9714997 |
||
| 245 | 0 |
_aComputational nano science: Application for moleculer, cluster, and solids _b Drisoll Joseph, A |
|
| 260 |
_aNew _bYork Cambridge Univ Press _c2011 |
||
| 300 |
_axi;431p. _ccm. |
||
| 500 | _aInclude bibliographical references 409-427p; Index 428-431p | ||
| 650 | _a Computer algorithms | ||
| 650 |
_a Nanoscience _9642646 |
||
| 650 |
_a Nanostructures data processing _9714998 |
||
| 650 |
_a Physics data processing _9714999 |
||
| 650 | _aPhysics | ||
| 700 |
_a Drisoll Joseph, A _9715000 |
||
| 942 |
_hC21:(D), Q1 Carpa _cTEXL _2CC |
||
| 999 |
_c1210817 _d1210817 |
||